| 000 | 00839cam a22002417i 4500 | ||
|---|---|---|---|
| 001 | a4769801 | ||
| 003 | CO-ViMGA | ||
| 005 | 20230915234536.0 | ||
| 008 | 100610s2010 sp a | |||| 000 c spa | ||
| 020 | _a9788498853803 | ||
| 040 |
_aCO-ViMGA _bspa _cCO-ViMGA |
||
| 041 | 1 | _heng | |
| 082 | 0 | 4 |
_a741.5 _bS54s |
| 100 | 1 |
_aSmith, Kevin _d1970- _99206 |
|
| 245 | 1 | 0 |
_aSpiderman y la gata negra : _h[Texto impreso] : _bel mal que hacen los hombres / _c[guión], Smith ; [lápiz], Dodson ; [Santiago García y oscar Estefanía, traducción] |
| 260 |
_aTorroella de Montgrí, Girona _bPanini España _cD.L. 2010. |
||
| 300 |
_a[156] p. _bprincipalmente il. col. _c27 cm. |
||
| 490 | 0 | _aMarvel deluxe | |
| 650 | 1 | 4 |
_a Tiras comicas, historietas, etc. _92479 |
| 650 | 1 | 4 |
_aComics _9284 |
| 700 | 1 |
_aDodson, Terry _99162 |
|
| 942 |
_2ddc _cBK |
||
| 999 |
_c37894 _d37894 |
||